Trees of Ramayana/by Felix Bast (Record no. 52330)

MARC details
000 -LEADER
fixed length control field 00423nam a22001577a 4500
003 - CONTROL NUMBER IDENTIFIER
control field OSt
008 - FIXED-LENGTH DATA ELEMENTS--GENERAL INFORMATION
fixed length control field 260625b |||||||| |||| 00| 0 eng d
020 ## - INTERNATIONAL STANDARD BOOK NUMBER
International Standard Book Number 9789391734671
082 ## - DEWEY DECIMAL CLASSIFICATION NUMBER
Classification number 294.5343
Item number B32T
100 ## - MAIN ENTRY--PERSONAL NAME
Personal name Bast, Felix
245 ## - TITLE STATEMENT
Title Trees of Ramayana/by Felix Bast
260 ## - PUBLICATION, DISTRIBUTION, ETC. (IMPRINT)
Place of publication, distribution, etc Delhi :
Name of publisher, distributor, etc Today & Tomorrow Printers and Publishers,
Date of publication, distribution, etc 2022
300 ## - PHYSICAL DESCRIPTION
Extent 222 p.
650 ## - SUBJECT ADDED ENTRY--TOPICAL TERM
Topical term or geographic name as entry element Religion | Hinduism I
942 ## - ADDED ENTRY ELEMENTS (KOHA)
Source of classification or shelving scheme
Koha item type Books
Holdings
Withdrawn status Lost status Source of classification or shelving scheme Damaged status Not for loan Home library Current library Shelving location Date acquired Source of acquisition Cost, normal purchase price Total Checkouts Full call number Barcode Date last seen Bill Date Koha item type Bill Number
          Dr. Rajendra Prasad Central Agricultural University Pusa, Dr. Rajendra Prasad Central Agricultural University Pusa, General Stacks 25/06/2026 Today & Tomorrow Printers and Publishers 1595.00   294.5343 B32T 87560 25/06/2026 29/01/2026 Books Bill No. IN-00449
Hosted, Implemented, Customized & Maintained by: BestBookBuddies

Powered by Koha